Roky vlády panovníků českých zemí - Statistics

General Stats
  • This quiz has been taken 88 times
  • The average score is 39 of 89
Answer Stats
Groups roky vlády mýtičtí Češi % Correct
prezidenti 2023-??? Petr Pavel
100%
Přemyslovci 1002-1003 Vladivoj
67%
Přemyslovci 1003 Boleslav III. Ryšavý
67%
Piastovci 1003-1004 Boleslav Chrabrý
67%
Přemyslovci 2 1278-1305 Václav II.
67%
Přemyslovci 2 1305-1306 Václav III.
67%
Menhardovci 1306 Jindřich Korutanský
67%
Habsburkové 1306-1307 Rudolf Habsburský
67%
Menhardovci 2 1307-1310 Jindřich Korutanský
67%
Lucemburkové 1310-1346 Jan Lucemburský
67%
Lucemburkové 1346-1378 Karel IV.
67%
Lucemburkové 1378-1419 Václav IV.
67%
Lucemburkové 1419-1437 Zikmund Lucemburský
67%
Habsburkové 2 1437-1439 Albrecht II. Habsburský
67%
Habsburkové 3 1526-1564 Ferdinand I.
67%
Wittelsbachové 1619-1620 Fridrich Falcký
67%
Habsburkové 4 1620-1637 Ferdinand II.
67%
Habsburko-Lotrinkové 1848-1916 František Josef I.
67%
Habsburko-Lotrinkové 1916-1918 Karel I.
67%
prezidenti 1918-1935 Tomáš Garrigue Masaryk
67%
prezidenti 1935-1938 Edvard Beneš
67%
prezidenti 1938-1945 Emil Hácha
67%
prezidenti 1945-1948 Edvard Beneš
67%
prezidenti 1948-1953 Klement Gottwald
67%
prezidenti 1989-2003 Václav Havel
67%
prezidenti 2003-2013 Václav Klaus
67%
prezidenti 2013-2023 Miloš Zeman
67%
Přemyslovci 999-1002 Boleslav III. Ryšavý
67%
Přemyslovci 2 1004-1012 Jaromír
33%
Přemyslovci 2 1012-1033 Oldřich
33%
Přemyslovci 2 1033-1034 Jaromír
33%
Přemyslovci 2 1034 Oldřich
33%
Přemyslovci 2 1034-1055 Břetislav I.
33%
Přemyslovci 2 1055-1061 Spytihněv II.
33%
Přemyslovci 2 1061-1092 Vratislav II.
33%
Přemyslovci 2 1092 Konrád I. Brněnský
33%
Přemyslovci 2 1092-1100 Břetislav II.
33%
Přemyslovci 2 1100-1107 Bořivoj II.
33%
Přemyslovci 2 1107-1109 Svatopluk Olomoucký
33%
Přemyslovci 2 1109-1117 Vladislav I.
33%
Přemyslovci 2 1117-1120 Bořivoj II.
33%
Přemyslovci 2 1120-1125 Vladislav I.
33%
Přemyslovci 2 1125-1140 Soběslav I.
33%
Přemyslovci 2 1140-1172 Vladislav II.
33%
Přemyslovci 2 1172-1173 Bedřich
33%
Přemyslovci 2 1173-1178 Soběslav II.
33%
Přemyslovci 2 1178-1189 Bedřich
33%
Přemyslovci 2 1189-1191 Konrád II. Ota
33%
Přemyslovci 2 1191-1192 Václav II.
33%
Přemyslovci 2 1192-1193 Přemysl Otakar I.
33%
Přemyslovci 2 1193-1197 Jindřich Břetislav
33%
Přemyslovci 2 1197 Vladislav Jindřich
33%
Přemyslovci 2 1197-1230 Přemysl Otakar I.
33%
Přemyslovci 2 1230-1253 Václav I.
33%
Přemyslovci 2 1253-1278 Přemysl Otakar II.
33%
Habsburkové 2 1453-1457 Ladislav Pohrobek
33%
páni z Kunštátu 1458-1471 Jiří z Poděbrad
33%
Jagellonci 1471-1516 Vladislav Jagellonský
33%
Jagellonci 1516-1526 Ludvík Jagellonský
33%
Habsburkové 3 1564-1576 Maximilián II.
33%
Habsburkové 3 1576-1611 Rudolf II.
33%
Habsburkové 3 1611-1617 Matyáš II.
33%
Habsburkové 3 1617-1619 Ferdinand II.
33%
Habsburkové 4 1637-1657 Ferdinand III.
33%
Habsburkové 4 1657-1705 Leopold I.
33%
Habsburkové 4 1705-1711 Josef I.
33%
Habsburkové 4 1711-1740 Karel VI.
33%
Habsburkové 4 1740-1780 Marie Terezie
33%
Habsburko-Lotrinkové 1780-1790 Josef II.
33%
Habsburko-Lotrinkové 1790-1792 Leopold II.
33%
Habsburko-Lotrinkové 1792-1835 František I. Rakouský
33%
Habsburko-Lotrinkové 1835-1848 Ferdinand V. Dobrotivý
33%
prezidenti 1953-1957 Antonín Zápotocký
33%
prezidenti 1957-1968 Antonín Novotný
33%
prezidenti 1968-1975 Ludvík Svoboda
33%
prezidenti 1975-1989 Gustav Husák
33%
franští kupci 623-659? Sámo
33%
Mojmírovci 830?-846 Mojmír I.
33%
Mojmírovci 846-870 Rostislav
33%
Mojmírovci 871-894 Svatopluk I.
33%
Přemyslovci 872?-883? Bořivoj I.
33%
Přemyslovci 883?-885? Strojmír
33%
Přemyslovci 885?-889? Bořivoj I.
33%
Přemyslovci 889?-915 Spytihněv I.
33%
Mojmírovci 894-906? Mojmír II.
33%
Přemyslovci 915-921 Vratislav I.
33%
Přemyslovci 921-935 svatý Václav
33%
Přemyslovci 935-972 Boleslav I.
33%
Přemyslovci 972-999 Boleslav II.
33%
No matching quizzes found
Score Distribution
Percent of People with Each Score
Percentile by Number Answered
Your Score History
You have not taken this quiz